Shapath Vavuputranchi (Record no. 15990)

MARC details
000 -LEADER
fixed length control field 00343nam a2200145Ia 4500
008 - FIXED-LENGTH DATA ELEMENTS--GENERAL INFORMATION
fixed length control field 220803s9999 xx 000 0 und d
020 ## - INTERNATIONAL STANDARD BOOK NUMBER
International Standard Book Number 9789384030049
041 ## - LANGUAGE CODE
Language code of text/sound track or separate title eng
082 ## - DEWEY DECIMAL CLASSIFICATION NUMBER
Classification number 891.46 SHE
100 ## - MAIN ENTRY--PERSONAL NAME
Personal name Tripathi A
9 (RLIN) 25146
245 ## - TITLE STATEMENT
Title Shapath Vavuputranchi
260 ## - PUBLICATION, DISTRIBUTION, ETC. (IMPRINT)
Place of publication, distribution, etc. Delhi
Name of publisher, distributor, etc. Westland Ltd.
Date of publication, distribution, etc. 2014
300 ## - PHYSICAL DESCRIPTION
Extent 684p
500 ## - GENERAL NOTE
Keywords ARCHI
Holdings
Withdrawn status Lost status Damaged status Not for loan Home library Current library Date acquired Vendor Cost, normal purchase price Total Checkouts Full call number Barcode Date last seen Date last checked out Cost, replacement price Bill Date Koha item type Original Barcode
        Dr. Bhanuben Nanavati College of Architecture Dr. Bhanuben Nanavati College of Architecture 06/01/2016 Technical Book Services 335.75 1 891.46 SHE BNCA-BK-9623 29/05/2024 15/12/2023 335.75 05/01/2016 Books B09623